Architektura a ekologie /
Salvato in:
| Autori principali: | , , , |
|---|---|
| Altri autori: | |
| Natura: | Libro |
| Lingua: | ceco |
| Pubblicazione: |
Praha :
Fakulta architektury ČVUT v Praze,
2013
|
| Edizione: | 1. vydanie |
| Soggetti: | |
| Tags: |
Nessun Tag, puoi essere il primo ad aggiungerne!!
|
MARC
| LEADER | 00000nam a22000003a 4500 | ||
|---|---|---|---|
| 001 | 0080091 | ||
| 003 | SK-STU | ||
| 005 | 20200131091810.2 | ||
| 007 | ta | ||
| 008 | 200131s ----xo-----e------000-0-----d | ||
| 020 | |a 978-80-01-05255-6 | ||
| 040 | |a STU |b slo | ||
| 041 | 0 | |a cze | |
| 044 | |a xr | ||
| 100 | 1 | |a Hlaváček, Dalibor |4 edt |r Z6 | |
| 245 | 1 | 0 | |a Architektura a ekologie / |c ed. Dalibor Hlaváček, Eduard Schlegler, Bedřich Moldan, Karel Maier, Zděnek Zavřel |
| 250 | |a 1. vydanie | ||
| 260 | |a Praha : |b Fakulta architektury ČVUT v Praze, |c 2013 | ||
| 300 | |a 180 s. | ||
| 650 | 0 | 7 | |a architektúra a ekológia |
| 650 | 0 | 7 | |a udržateľný rozvoj |
| 650 | 0 | 7 | |a zeleň |
| 650 | 0 | 7 | |a zelená architektúra |
| 650 | 0 | 7 | |a energetický koncept |
| 650 | 0 | 7 | |a energetická efektívnosť budov |
| 650 | 0 | 7 | |a stavebné materiály |
| 650 | 0 | 7 | |a TZB |
| 700 | 1 | |a Schlegler, Eduard |4 aut | |
| 700 | 1 | |a Moldan, Bedřich |4 aut | |
| 700 | 1 | |a Maier, Karel |4 aut | |
| 700 | 1 | |a Zavřel, Zděnek |4 aut | |
| 996 | |b 284AU08284 |c A* 11544/U |l AAKNST |s P |a 0 |w 0080091_0001 | ||